| 000 | 00698nam a22002297a 4500 | ||
|---|---|---|---|
| 005 | 20170124105922.0 | ||
| 010 | _aA-791807 | ||
| 020 |
_c00.00 _a8175100095 |
||
| 035 | _aA-791807 | ||
| 037 | _bCen Lib/Ret | ||
| 040 |
_aDPL _bEN |
||
| 082 |
_a371.8 _bVEN |
||
| 100 |
_aVenkataraman, D. _95019 |
||
| 245 |
_aEducation and hemisphericity / _cby D. Venkataraman |
||
| 260 |
_aNew Delhi _bReliance Publishing House _c1996 |
||
| 270 |
_a3026/7H, Ranjit Nagar _bNew Delhi _e110008 |
||
| 300 |
_a143p. _c20cm(Hb) |
||
| 500 | _aIncludes bibliographical references and index | ||
| 650 |
_aEducation _91169 |
||
| 650 |
_aHemisphere functions _95020 |
||
| 942 |
_2ddc _cEN _h371.8 _mVEN |
||
| 999 |
_c123250 _d123250 |
||